000 00678nam a2200277Ia 4500
005 20260324143201.0
008 008 260324s9999 xx 000 0 eng d
020 _a9781315801339
037 _aEBOOK
040 _aCRL
040 _beng
040 _cCRL
041 _2eng
041 _aeng
084 _qCRL
100 _aElizabeth Clark; Austin Kutscher
_91214695
245 4 _aThe Thanatology Community and the Needs of the Movement
260 _bTaylor and Francis
260 _c1992
365 _a
365 _b99.99
856 _uhttp://www.taylorfrancis.com/books/9781315801339
942 _cEBOOK
999 _c1819794
_d1819794